Start-up Latin America 2016 building an innovative future
Salvato in:
| Ente Autore: | |
|---|---|
| Natura: | Libro |
| Lingua: | inglese |
| Pubblicazione: |
Paris
OECD
2016
|
| Serie: | Development Centre Studies
|
| Soggetti: | |
| Tags: |
Nessun Tag, puoi essere il primo ad aggiungerne!!
|
MARC
| LEADER | 00000nam$a2200000$$$4500 | ||
|---|---|---|---|
| 001 | 0233234 | ||
| 005 | 20240314123513.1 | ||
| 020 | |a 978-92-64-26565-3 | ||
| 041 | 0 | |a eng | |
| 044 | |a FR | ||
| 245 | 1 | 0 | |a Start-up Latin America 2016 |b building an innovative future |
| 264 | 1 | |a Paris |b OECD |c 2016 | |
| 300 | |a 141 s. | ||
| 490 | 1 | |a Development Centre Studies | |
| 830 | 0 | |a Development Centre Studies | |
| 610 | 2 | 0 | |a start-up |
| 610 | 2 | 0 | |a podpora podnikania |
| 610 | 2 | 0 | |a podpora štátna |
| 610 | 2 | 0 | |a financovanie |
| 610 | 2 | 0 | |a inovácia |
| 610 | 2 | 0 | |a inštitúcie verejnoprávne |
| 610 | 2 | 0 | |a prostredie podnikateľské |
| 610 | 2 | 0 | |a stratégia hospodárska |
| 610 | 2 | 0 | |a nástroje ekonomické |
| 610 | 2 | 0 | |a reformy |
| 610 | 2 | 0 | |a krajiny rozvojové |
| 610 | 2 | 0 | |a regióny |
| 610 | 2 | 0 | |a Latinská Amerika |
| 710 | 2 | |a OECD. Development Centre | |